Holiday Quiz

Random Holiday or Blitz Quiz

Holiday Hustle XI Quiz Stats

 Plays Quiz not verified by Sporcle

Support Sporcle.
Go Orange.
Score 0/10 Timer 00:30
0 Plays Today
% Correct
Valentine's Day
88.1%
Friday the 13th
87.7%
Cinco de Mayo
87.2%
Pi Day
85.8%
German Unity Day
84.4%
Ash Wednesday
78.9%
Good Friday
72%
Memorial Day
66.1%
Eid al-Fitr
64.5%
Yom Kippur
61%

You're not logged in!

Compare scores with friends on all Sporcle quizzes.
OR
Log In

From the Vault

Periodic Table Letter Match

by goc3

Periodically, science and language mix together with perfect chemistry.
Remove Ads.
Support Sporcle.
Get the best of Sporcle when you Go Orange. This ad-free experience offers more features, more stats, and more fun while also helping to support Sporcle. Thank you for becoming a member.

Show Comments

Extras

Top Quizzes Today


Score Distribution

Your Account Isn't Verified!

In order to create a playlist on Sporcle, you need to verify the email address you used during registration. Go to your Sporcle Settings to finish the process.

Report this User

Report this user for behavior that violates our Community Guidelines.

Details: